Normal view
MARC view
- الرقابة المحاسبيه والادارية-الشركات الصناعية-العراق
Entry Topical Term
001 - CONTROL NUMBER
- control field: 61435
003 - CONTROL NUMBER IDENTIFIER
- control field: JO-AjAnu
005 - DATE AND TIME OF LATEST TRANSACTION
- control field: 20230606084035.0
008 - FIXED-LENGTH DATA ELEMENTS
- fixed length control field: 230606|| aca||aabn | a|a d
040 ## - CATALOGING SOURCE
- Original cataloging agency: JO-AjAnu
- Transcribing agency: JO-AjAnu
150 ## - HEADING--TOPICAL TERM
- Topical term or geographic name entry element: الرقابة المحاسبيه والادارية-الشركات الصناعية-العراق
670 ## - SOURCE DATA FOUND
- Source citation: Work cat.: (JO-AjAnu)31337: إعداد الجبوري، عذاب عقاب احمد؛ إشراف مامون محمد القضاة , author 61434, دور التدقيق الاختباري في تقييم الرقابه المحاسبية والادارية في الشركات الصناعية العراقية= The Role of the Test Audit in EvaLuating Accounting and Administrative Control in Iragi Industrail Companies